000 00433nam a22001817a 4500
003 MPLRDC
005 20220104114010.0
008 210129b ||||| |||| 00| 0 eng d
082 _a830.8 YSCS v.33
100 _a张健
245 _a十分钟的宁静
_c
250 _a初版
260 _a
_b圆神出版社
_c1987
300 _b
490 _a圆神丛书. 33
650 _a中国文学总集
942 _cBK
_o830.8 YSCS v.33
999 _c4016
_d4006